01424nam a2200265 a 450000100100000000500170001000800410002702000180006804000250008608200170011110000360012824501500016426000360031430000210035050000630037159000260043470000340046070000480049495201210054295201210066395201210078495201150090595201210102099900170114100004831920240305130443.0190124s2016 dr 000 m spa d a9789945167757 aDO-SdBNPbspacBNPHU axxxxxbT173t1 aTapounet Loinaz, Vicente96526310aTras las huellas de Jesús /cVicente Tapounet Loinaz ; presentación Narciso Isa Conde ; corrección y cuidado de la edición Any Contreras. aSanto Domingo :bBúho,c2016. a127 p. ;c22 cm. aIncluye datos biográficos del autor en la contraportada. aInventariado, 2019/LP1 aContreras, Any,ecorr.9757411 aIsa Conde, Narciso,d1942-epresent.912387 0010718DSaGRbGRcHDd2019-01-24iLF1l0oxxxxx T173tp48319-30r2020-06-25te. 3w2020-06-25yLFDSZNo se presta 0010718DSaGRbGRcHDd2019-01-24iLF1l0oxxxxx T173tp48319-40r2020-06-25te. 4w2020-06-25yLFDSZNo se presta 0010718DSaGRbGRcHDd2019-01-24iLF1l0oxxxxx T173tp48319-50r2020-06-25te. 5w2020-06-25yLFDSZNo se presta 0010718PDaPDbPDcHDd2019-01-24iLF1l0oxxxxx T173tp48319-10r2020-06-25w2020-06-25yLFPDZNo se presta 0010718PDaPDbPDcHDd2019-01-24iLF1l0oxxxxx T173tp48319-20r2020-06-25te. 2w2020-06-25yLFPDZNo se presta c47807d47807